| 000 | 01905nam0a22003251 4500 | ||
|---|---|---|---|
| 001 | rc\3328522 | ||
| 005 | 20260407111137.0 | ||
| 021 |
_aRU _b72-70353 |
||
| 021 |
_aRU _bРг1789-73 |
||
| 035 | _a(NLR Aleph) 007423960 | ||
| 090 |
_a6945081 _c6945081 |
||
| 100 | _a20130115d1972 |||y0rusy50 ca | ||
| 101 | 0 | _arus | |
| 102 | _aRU | ||
| 105 | _ay z ||||| | ||
| 200 | 1 |
_aИспользование материалов XXIV съезда КПСС и XXIV съезда КП Украины в курсе истории КПСС _e(Метод. рекомендации в помощь изучающим историю КПСС, пропагандистам, лекторам, политинформаторам и агитаторам) _fДом полит. просвещения Ворошиловгр. обкома КП Украины. Кафедра истории КПСС и науч. коммунизма, Ворошиловгр. машиностроит. ин-та |
|
| 210 |
_aВорошиловград _cБ. и. _d1972 |
||
| 215 |
_a48 с. _d20 |
||
| 300 | _aНа обороте тит. л.: подгот. Г.Я. Емченко, В.П. Заплавский, В.Н. Приходько [и др.] | ||
| 320 | _aБиблиогр.: с. 46-48 | ||
| 532 | 1 | 1 | _aИспользование материалов двадцать четвертого съезда КПСС и XXIV съезда КП Украины в курсе истории КПСС |
| 702 | 1 |
_aЗаплавский _bВ.П. _4570 |
|
| 702 | 1 |
_aЕмченко _bГ.Я. _gГригорий Яковлевич _4570 |
|
| 702 | 1 |
_aПриходько _bВ.Н. _4570 |
|
| 712 | 0 | 2 |
_aВорошиловградский областной дом политического просвещения _3RU\NLR\AUTH\889939075 _9373033 |
| 801 | 0 |
_aRU _bNLR _gpsbo |
|
| 801 | 1 |
_aRU _bELAR _2rusmarc |
|
| 852 |
_aNLR _j72-4/35487 |
||
| 942 | _cBOOK | ||
| 980 | _aNB | ||